National Geographic almanac of geography
Salvato in:
| Natura: | Libro |
|---|---|
| Lingua: | inglese |
| Pubblicazione: |
Washington, D.C.
National Geographic Society
2005
|
| Soggetti: | |
| Tags: |
Nessun Tag, puoi essere il primo ad aggiungerne!!
|
MARC
| LEADER | 00000nam$a2200000$$$4500 | ||
|---|---|---|---|
| 001 | 0055946 | ||
| 005 | 20221129082828.0 | ||
| 020 | |a 0-7922-3877-X | ||
| 041 | 0 | |a eng | |
| 044 | |a US | ||
| 245 | 1 | 0 | |a National Geographic |b almanac of geography |
| 264 | 1 | |a Washington, D.C. |b National Geographic Society |c 2005 | |
| 300 | |a 512 s. | ||
| 610 | 2 | 0 | |a geografia |
| 610 | 2 | 0 | |a zemepis |
| 610 | 2 | 0 | |a svet |
| 610 | 2 | 0 | |a obyvateľstvo |
| 610 | 2 | 0 | |a história |
| 610 | 2 | 0 | |a krajiny rozvojové |
| 610 | 2 | 0 | |a krajiny vyspelé |
| 610 | 2 | 0 | |a podmienky prírodné |
| 610 | 2 | 0 | |a podnebie |
| 610 | 2 | 0 | |a ekológia |
| 610 | 2 | 0 | |a pôda |
| 610 | 2 | 0 | |a civilizácia |
| 610 | 2 | 0 | |a štýl životný |
| 610 | 2 | 0 | |a kultúra |
| 610 | 2 | 0 | |a náboženstvo |
| 610 | 2 | 0 | |a politika |
| 610 | 2 | 0 | |a priemysel |
| 610 | 2 | 0 | |a poľnohospodárstvo |
| 610 | 2 | 0 | |a informácie geografické |
| 610 | 2 | 0 | |a údaje štatistické |